[Event "Plzen, FSB A"]
[Site "?"]
[Date "2003.??.??"]
[Round "3.14"]
[White "Purnoch, J."]
[Black "Pribyl, J."]
[Result "0-1"]
[WhiteElo "2139"]
[BlackElo "2393"]
[PlyCount "75"]
[EventDate "2003.??.??"]
[Source "ChessBase"]
[SourceDate "1996.11.15"]

1. d4 Nf6 2. c4 g6 3. Nc3 d5 4. Bf4 Bg7 5. Rc1 O-O 6. e3 c6 7. Nf3 Be6 8. Ng5
Bf5 9. Qb3 Qb6 10. Qxb6 axb6 11. cxd5 Nxd5 12. Nxd5 cxd5 13. a3 Nc6 14. Bb5 Ra5
15. Bxc6 Rc8 16. e4 bxc6 17. exf5 Bxd4 18. fxg6 hxg6 19. Rc2 Rb5 20. Bc1 c5 21.
Ke2 Bg7 22. f4 c4 23. Nf3 d4 24. Kd1 d3 25. Rf2 c3 26. bxc3 Rxc3 27. Kd2 Rb1
28. Rhf1 Rbb3 29. Ne1 e5 30. Bb2 Rc5 31. Bxe5 Rxe5 32. Nxd3 Rd5 33. Rf3 Rb2+
34. Ke3 Rxg2 35. Rb1 Rxh2 36. Nf2 Bd4+ 37. Ke4 Rd6 38. f5 0-1

[Event "Plzen, FSB A"]
[Site "?"]
[Date "2003.??.??"]
[Round "3.15"]
[White "Vrana, J."]
[Black "Nun, J."]
[Result "0-1"]
[WhiteElo "1855"]
[BlackElo "2358"]
[PlyCount "44"]
[EventDate "2003.??.??"]
[Source "ChessBase"]
[SourceDate "1996.11.15"]

1. e4 g6 2. d4 c6 3. c4 Bg7 4. Nc3 d6 5. Nf3 Nf6 6. h3 O-O 7. Bd3 Nbd7 8. O-O
e5 9. dxe5 dxe5 10. Be3 Nh5 11. Ne1 Qe7 12. Be2 Nf4 13. Qc2 Nc5 14. Rd1 Nce6
15. Kh2 f5 16. f3 Nd4 17. Qd2 Nfxe2 18. Nxe2 fxe4 19. Nxd4 exd4 20. Bxd4 Rd8
21. Qe3 Bxd4 22. Rxd4 Qe5+ 0-1

[Event "Plzen, FSB A"]
[Site "?"]
[Date "2003.??.??"]
[Round "3.16"]
[White "Jurek, J."]
[Black "Kopasov, E."]
[Result "1-0"]
[WhiteElo "2342"]
[BlackElo "2154"]
[PlyCount "87"]
[EventDate "2003.??.??"]
[Source "ChessBase"]
[SourceDate "1996.11.15"]

1. Nf3 Nf6 2. c4 g6 3. d4 Bg7 4. g3 O-O 5. Bg2 d5 6. cxd5 Nxd5 7. O-O Nc6 8. e4
Nb6 9. d5 Na5 10. Nc3 Bd7 11. Qc2 c6 12. dxc6 Bxc6 13. Rd1 Qe8 14. Be3 Nac4 15.
Bd4 Bh6 16. b3 Nd6 17. Ne5 Nb5 18. Nxb5 Bxb5 19. a4 Rc8 20. Qb2 Ba6 21. Ng4 Bg5
22. h4 h5 23. hxg5 hxg4 24. Bg7 Nd7 25. Bxf8 Nxf8 26. Rac1 Ne6 27. Rxc8 Qxc8
28. Rc1 Qd7 29. Qe5 b6 30. Qd5 Qe8 31. Bf1 Bxf1 32. Kxf1 Qb8 33. Kg2 Kg7 34. b4
Qe8 35. Qe5+ Kg8 36. Rh1 Ng7 37. a5 bxa5 38. bxa5 Qd7 39. Rb1 Kh7 40. Qd5 Qa4
41. Rc1 e6 42. Qb7 Kg8 43. Rc8+ Kh7 44. Qa8 1-0

[Event "Plzen, FSB A"]
[Site "?"]
[Date "2003.??.??"]
[Round "3.17"]
[White "Sochor, S."]
[Black "Novak, P."]
[Result "0-1"]
[WhiteElo "2141"]
[BlackElo "2317"]
[PlyCount "75"]
[EventDate "2003.??.??"]
[Source "ChessBase"]
[SourceDate "1996.11.15"]

1. d4 d5 2. Nf3 c5 3. e3 Nc6 4. b3 Bg4 5. Be2 cxd4 6. exd4 e6 7. O-O Bd6 8. Bb2
Nf6 9. Nbd2 O-O 10. h3 Bh5 11. Ne5 Bxe2 12. Qxe2 Rc8 13. c3 Ne7 14. f4 Qa5 15.
a4 Qc7 16. Rf3 Nd7 17. Re1 Rfe8 18. g3 Nc6 19. Kg2 b6 20. Re3 Ne7 21. Qh5 g6
22. Qf3 Nf5 23. R3e2 Nf6 24. Kg1 Bf8 25. Ng4 Be7 26. Qd3 Nd6 27. Nf2 Red8 28.
Rc1 Qb7 29. Kh2 a6 30. Ra1 Rc6 31. a5 b5 32. b4 Rdc8 33. Rae1 Nc4 34. Nxc4 Rxc4
35. Qf3 Bf8 36. Re3 Bd6 37. Rd3 Ne4 38. Re2 0-1

[Event "Plzen, FSB A"]
[Site "?"]
[Date "2003.??.??"]
[Round "3.18"]
[White "Studnicka, T."]
[Black "Skacel, J."]
[Result "1-0"]
[WhiteElo "2282"]
[BlackElo "2093"]
[PlyCount "65"]
[EventDate "2003.??.??"]
[Source "ChessBase"]
[SourceDate "1996.11.15"]

1. d4 d5 2. c4 c6 3. Nf3 Nf6 4. Nc3 dxc4 5. a4 Bf5 6. e3 e6 7. Bxc4 Bb4 8. O-O
O-O 9. Nh4 Bg6 10. Nxg6 hxg6 11. Qe2 Qa5 12. Rd1 Qh5 13. f3 Nbd7 14. e4 e5 15.
d5 Nb6 16. dxc6 bxc6 17. Bb3 a5 18. Be3 Nfd7 19. Qf2 Rab8 20. g4 Qh3 21. Ne2
Be7 22. Ng3 Qh4 23. Qd2 Bb4 24. Qc1 Qf6 25. Kg2 Qe7 26. h4 Nc5 27. Ba2 Ne6 28.
h5 g5 29. Nf5 Qf6 30. Bxe6 Qxe6 31. Bxg5 Qb3 32. h6 g6 33. h7+ 1-0

[Event "Plzen, FSB A"]
[Site "?"]
[Date "2003.??.??"]
[Round "3.19"]
[White "Volodin, V."]
[Black "Maupin, JP."]
[Result "1-0"]
[WhiteElo "2279"]
[BlackElo "2040"]
[PlyCount "100"]
[EventDate "2003.??.??"]
[Source "ChessBase"]
[SourceDate "1996.11.15"]

1. Nf3 f5 2. c4 Nf6 3. g3 g6 4. Bg2 Bg7 5. d4 O-O 6. O-O d6 7. Nc3 Qe8 8. d5 c6
9. Nd4 Bd7 10. Rb1 Na6 11. b4 Nxb4 12. Rxb4 c5 13. Rxb7 cxd4 14. Nb5 Qc8 15.
Rc7 Qb8 16. Rxd7 Nxd7 17. Nxd4 Bxd4 18. Qxd4 Qb6 19. Qh4 Rf7 20. Be3 Qb2 21. c5
Qxa2 22. c6 Nb6 23. Qb4 Qa6 24. Bd4 Qc8 25. Ra1 Rb8 26. Qa5 Qc7 27. Qxa7 e5 28.
Qxc7 Rxc7 29. Bxe5 dxe5 30. d6 Rg7 31. Rb1 Rd8 32. Rxb6 Rxd6 33. Rb8+ Kf7 34.
c7 Rd1+ 35. Bf1 Rc1 36. c8=Q Rxc8 37. Rxc8 Kf6 38. Rc6+ Kg5 39. h4+ Kh5 40. e3
Re7 41. Be2+ Kh6 42. Kg2 f4 43. g4 fxe3 44. fxe3 Kg7 45. Rb6 Kh6 46. g5+ Kg7
47. Kg3 Re8 48. Rb7+ Kh8 49. Rc7 Re6 50. Rc8+ Kg7 1-0

[Event "Plzen, FSB A"]
[Site "?"]
[Date "2003.??.??"]
[Round "3.20"]
[White "Michalek, J."]
[Black "Ondrejat, M."]
[Result "1-0"]
[WhiteElo "2390"]
[BlackElo "2133"]
[PlyCount "83"]
[EventDate "2003.??.??"]
[Source "ChessBase"]
[SourceDate "1996.11.15"]

1. e4 e6 2. d3 c5 3. Nf3 Nc6 4. g3 g6 5. Bg2 Bg7 6. O-O Nge7 7. Nbd2 O-O 8. Qe2
d6 9. a4 Rb8 10. Nc4 e5 11. c3 f6 12. Be3 f5 13. Qd2 b5 14. axb5 Rxb5 15. Ra4
d5 16. exd5 Nxd5 17. Bg5 Nde7 18. Re1 Qc7 19. Bh6 e4 20. dxe4 fxe4 21. Rxe4 Rd8
22. Qf4 Qxf4 23. Bxf4 Bf5 24. Re1 Bd3 25. Bg5 Bxc4 26. Rxc4 Bf8 27. Bc1 Nf5 28.
Bf1 Ra5 29. Rce4 Ra1 30. Bc4+ Kh8 31. Bg5 Rxe1+ 32. Rxe1 Rb8 33. Re2 Kg7 34. g4
Nfe7 35. Bf4 Ra8 36. Ne5 h6 37. Nxc6 Nxc6 38. Re6 Na5 39. Be5+ Kf7 40. Bd5 Rd8
41. c4 Be7 42. Ra6+ 1-0

[Event "Plzen, FSB A"]
[Site "?"]
[Date "2003.??.??"]
[Round "3.21"]
[White "Palek, M."]
[Black "Wunsch, J."]
[Result "1-0"]
[WhiteElo "2246"]
[BlackElo "2130"]
[PlyCount "37"]
[EventDate "2003.??.??"]
[Source "ChessBase"]
[SourceDate "1996.11.15"]

1. e4 c5 2. Nf3 d6 3. d4 cxd4 4. Qxd4 Nc6 5. Bb5 Bd7 6. Bxc6 Bxc6 7. Nc3 Nf6 8.
Bg5 e6 9. O-O-O Be7 10. Rhe1 Qa5 11. Nd5 Bxd5 12. exd5 Qxa2 13. Rd3 e5 14. Nxe5
O-O 15. Ng4 Qa1+ 16. Kd2 Qa5+ 17. b4 Qd8 18. Rxe7 Qxe7 19. Bxf6 1-0

[Event "Plzen, FSB A"]
[Site "?"]
[Date "2003.??.??"]
[Round "3.22"]
[White "Beneteau, H."]
[Black "Petr, M."]
[Result "1/2-1/2"]
[WhiteElo "2109"]
[BlackElo "2236"]
[PlyCount "69"]
[EventDate "2003.??.??"]
[Source "ChessBase"]
[SourceDate "1996.11.15"]

1. e4 e6 2. d4 d5 3. Nc3 Nf6 4. e5 Nfd7 5. f4 c5 6. Nf3 Nc6 7. Be3 a6 8. g3 Qb6
9. Na4 Qa5+ 10. c3 cxd4 11. Nxd4 Nxd4 12. Qxd4 b5 13. Nb6 Bc5 14. Qxc5 Nxc5 15.
Bxc5 Rb8 16. a4 bxa4 17. b4 Qxb6 18. Bxb6 Rxb6 19. Rxa4 Bb7 20. Rg1 Ke7 21. Kd2
Rc8 22. Bd3 Rbc6 23. Ra3 h5 24. h4 g6 25. Rga1 Kf8 26. Rb3 Ke7 27. Ra5 R8c7 28.
Rba3 Rb6 29. Bxa6 d4 30. Bb5 Bc6 31. Ra7 dxc3+ 32. Kc2 Bb7 33. Bd3 Rxb4 34.
Rxc3 Rd7 35. Raa3 1/2-1/2

[Event "Plzen, FSB A"]
[Site "?"]
[Date "2003.??.??"]
[Round "3.23"]
[White "Blazkova, P."]
[Black "Jirasek, P."]
[Result "1-0"]
[WhiteElo "2222"]
[BlackElo "2126"]
[PlyCount "39"]
[EventDate "2003.??.??"]
[Source "ChessBase"]
[SourceDate "1996.11.15"]

1. e4 c5 2. Nf3 Nc6 3. d4 cxd4 4. Nxd4 Nf6 5. Nc3 e6 6. Nxc6 bxc6 7. e5 Nd5 8.
Ne4 Qc7 9. f4 Qb6 10. c4 Ne3 11. Qd3 Nxf1 12. Kxf1 Ba6 13. b3 Bb7 14. Ke2 c5
15. Re1 Qc6 16. Kf2 Rd8 17. Qg3 Qc8 18. Nd6+ Bxd6 19. Qxg7 Bxe5 20. fxe5 1-0

[Event "Plzen, FSB A"]
[Site "?"]
[Date "2003.??.??"]
[Round "3.25"]
[White "Hrbolka jr., L."]
[Black "Pokrupa, M."]
[Result "0-1"]
[WhiteElo "2207"]
[BlackElo "2115"]
[PlyCount "52"]
[EventDate "2003.??.??"]
[Source "ChessBase"]
[SourceDate "1996.11.15"]

1. e4 c5 2. Nf3 Nc6 3. d4 cxd4 4. Nxd4 g6 5. Nc3 Bg7 6. Be3 Nf6 7. Bc4 O-O 8.
Bb3 a5 9. O-O a4 10. Nxa4 Nxe4 11. Nb5 d5 12. Bb6 Qd7 13. Nc7 Rxa4 14. Bxa4
Bxb2 15. Nb5 Bxa1 16. Qxa1 Nd2 17. Re1 Qg4 18. Bb3 Nf3+ 19. Kh1 Nxe1 20. Qxe1
Qe4 21. Qf1 d4 22. f3 Qe5 23. Bc7 Qe3 24. Qd1 Be6 25. Bb6 Bxb3 26. axb3 e5 0-1

[Event "Plzen, FSB A"]
[Site "?"]
[Date "2003.??.??"]
[Round "3.26"]
[White "Kriz, L."]
[Black "Brom, J."]
[Result "1/2-1/2"]
[WhiteElo "2097"]
[BlackElo "2201"]
[PlyCount "67"]
[EventDate "2003.??.??"]
[Source "ChessBase"]
[SourceDate "1996.11.15"]

1. c4 e5 2. Nc3 Nc6 3. g3 g6 4. Bg2 Bg7 5. d3 d6 6. Nf3 Nge7 7. Bg5 Be6 8. Ne4
f5 9. Nf6+ Kf7 10. Nd5 h6 11. Bxe7 Nxe7 12. e4 c6 13. Ne3 f4 14. Nc2 g5 15. h3
d5 16. Qe2 d4 17. Nd2 Qd7 18. Bf3 Ke8 19. Bg4 Bxg4 20. hxg4 fxg3 21. fxg3 Rf8
22. O-O-O Kf7 23. Rdf1+ Kg8 24. Na1 Rxf1+ 25. Rxf1 Rf8 26. Nab3 Rxf1+ 27. Nxf1
b6 28. c5 b5 29. Na5 Kh7 30. b4 Qe6 31. Kb2 Qd7 32. Qf3 Kg8 33. Nh2 Qc8 34. a3
1/2-1/2

[Event "Plzen, FSB A"]
[Site "?"]
[Date "2003.??.??"]
[Round "3.27"]
[White "Kuba, J."]
[Black "Kamenik, M."]
[Result "1-0"]
[WhiteElo "2180"]
[BlackElo "2057"]
[PlyCount "65"]
[EventDate "2003.??.??"]
[Source "ChessBase"]
[SourceDate "1996.11.15"]

1. e4 e5 2. Nf3 Nc6 3. Bb5 f5 4. Nc3 Nf6 5. Qe2 fxe4 6. Nxe4 d6 7. d4 Bd7 8.
Bg5 Be7 9. dxe5 Nxe4 10. Bxe7 Qxe7 11. Qxe4 O-O-O 12. O-O-O dxe5 13. Rhe1 Qc5
14. Bxc6 Bxc6 15. Qf5+ Bd7 16. Rxd7 Rxd7 17. Rd1 Rhd8 18. Rxd7 Rxd7 19. Nxe5
Qd5 20. Qxd7+ Qxd7 21. Nxd7 Kxd7 22. Kd2 Kd6 23. f4 Kd5 24. Kd3 g6 25. c4+ Ke6
26. g4 Kf6 27. Ke4 c6 28. b4 Ke6 29. a4 b6 30. c5 bxc5 31. bxc5 a5 32. f5+ Kf6
33. h4 1-0

[Event "Plzen, FSB A"]
[Site "?"]
[Date "2003.??.??"]
[Round "3.29"]
[White "Folkova, M."]
[Black "Kratochvil, J."]
[Result "1-0"]
[WhiteElo "2179"]
[BlackElo "1977"]
[PlyCount "51"]
[EventDate "2003.??.??"]
[Source "ChessBase"]
[SourceDate "1996.11.15"]

1. e4 d5 2. exd5 Nf6 3. d4 Nxd5 4. Be2 Bf5 5. Nf3 e6 6. O-O Be7 7. c4 Nb6 8.
Nc3 O-O 9. Bf4 Nc6 10. Qd2 Bf6 11. Rfd1 Re8 12. Qe3 Qe7 13. Ne5 Bxe5 14. dxe5
Qb4 15. b3 Rad8 16. Bg5 Rd7 17. Bf3 Nd8 18. c5 Nd5 19. Bxd5 exd5 20. Rxd5 f6
21. Rxd7 Bxd7 22. Nd5 Qg4 23. Bxf6 Bc6 24. f3 Qe6 25. Nxc7 Qxf6 26. Nxe8 1-0

[Event "Plzen, FSB A"]
[Site "?"]
[Date "2003.??.??"]
[Round "3.31"]
[White "Kupka, F."]
[Black "Kubikova, A."]
[Result "1/2-1/2"]
[WhiteElo "2011"]
[BlackElo "2170"]
[PlyCount "71"]
[EventDate "2003.??.??"]
[Source "ChessBase"]
[SourceDate "1996.11.15"]

1. e4 e6 2. d4 d5 3. Nc3 Nf6 4. e5 Nfd7 5. f4 c5 6. Nf3 Nc6 7. Be3 a6 8. Qd2 b5
9. dxc5 Bxc5 10. Bxc5 Nxc5 11. Bd3 Qb6 12. Qf2 b4 13. Ne2 a5 14. O-O Ba6 15.
Kh1 Na4 16. Qh4 Nxb2 17. Bxa6 Rxa6 18. f5 exf5 19. Nf4 Ne7 20. Nh5 Rg8 21. Rae1
Na4 22. Nd4 Nc5 23. Nxf5 Nxf5 24. Rxf5 Ne6 25. Ng3 h6 26. Rff1 Nd4 27. Qf4 Ra7
28. Qf2 Rb7 29. Rd1 Nb5 30. Qf4 Qe6 31. Nf5 Rd7 32. Rde1 Kd8 33. Qe3 Qc6 34.
Rf2 Kc8 35. h3 Kb7 36. Qg3 1/2-1/2

[Event "Plzen, FSB A"]
[Site "?"]
[Date "2003.??.??"]
[Round "3.32"]
[White "Cedikova, K."]
[Black "Adamek, F."]
[Result "1-0"]
[WhiteElo "2168"]
[BlackElo "2015"]
[PlyCount "41"]
[EventDate "2003.??.??"]
[Source "ChessBase"]
[SourceDate "1996.11.15"]

1. d4 f5 2. e4 fxe4 3. Nc3 Nf6 4. Bg5 c6 5. f3 exf3 6. Nxf3 d5 7. Ne5 Qd6 8.
Bd3 Nbd7 9. Qe2 Qb4 10. O-O-O Nxe5 11. Qxe5 Qd6 12. Qe3 e6 13. Rhf1 Be7 14. h3
a6 15. Na4 Qb4 16. Nc5 Bxc5 17. dxc5 d4 18. Qe5 Rf8 19. Qd6 Qa5 20. Bxh7 Kf7
21. Bxf6 1-0

[Event "Plzen, FSB A"]
[Site "?"]
[Date "2003.??.??"]
[Round "3.33"]
[White "Cifka, S."]
[Black "Jaros, M."]
[Result "0-1"]
[WhiteElo "2160"]
[BlackElo "1997"]
[PlyCount "132"]
[EventDate "2003.??.??"]
[Source "ChessBase"]
[SourceDate "1996.11.15"]

1. d4 Nf6 2. c4 g6 3. Nc3 Bg7 4. e4 d6 5. f3 O-O 6. Be3 e5 7. d5 c5 8. Bd3 Nh5
9. Nge2 f5 10. Qd2 f4 11. Bf2 Bf6 12. O-O-O Bh4 13. Bxh4 Qxh4 14. Kb1 Na6 15.
Nc1 Nc7 16. Be2 Bd7 17. g3 Qe7 18. g4 Ng7 19. a3 a6 20. b4 b6 21. Nb3 Rfb8 22.
bxc5 bxc5 23. Ka2 Qd8 24. Rb1 Rb6 25. Rb2 Rab8 26. Rhb1 Na8 27. Bd1 Be8 28. Ne2
h6 29. Nec1 Bd7 30. Qc3 Qc7 31. Nd3 Ba4 32. Nbxc5 Bxd1 33. Nxa6 Rxb2+ 34. Nxb2
Rxb2+ 35. Rxb2 Qa7 36. Qa5 Bxf3 37. Qd8+ Kh7 38. Qxd6 Bxg4 39. Nc5 Nc7 40. Nd3
f3 41. Nxe5 Bh5 42. Nd7 Nce8 43. Nf6+ Nxf6 44. Qxf6 Qc7 45. Qd4 Qd7 46. Rd2 Qa4
47. Qc3 Bg4 48. Qb4 Qd7 49. c5 Bh3 50. a4 Bf1 51. Rf2 Be2 52. Ka3 h5 53. e5 Qe7
54. Qc3 Qh4 55. c6 Qxf2 56. d6 Qb6 57. c7 f2 58. d7 f1=Q 59. d8=Q Bc4 60. Qh8+
Kxh8 61. c8=Q+ Bg8 62. e6 Qxe6 63. Qxe6 Bxe6 64. a5 Kh7 65. Kb4 Qf4+ 66. Ka3
Qc4 0-1

[Event "Plzen, FSB A"]
[Site "?"]
[Date "2003.??.??"]
[Round "3.34"]
[White "Micka, V."]
[Black "Bujak, M."]
[Result "0-1"]
[WhiteElo "1982"]
[BlackElo "2159"]
[PlyCount "88"]
[EventDate "2003.??.??"]
[Source "ChessBase"]
[SourceDate "1996.11.15"]

1. f4 c5 2. e3 d5 3. d4 Nc6 4. c3 cxd4 5. exd4 Bf5 6. Bd3 Bxd3 7. Qxd3 e6 8.
Nf3 Bd6 9. O-O Nge7 10. Ng5 h6 11. Qh3 Ng6 12. Nxf7 Kxf7 13. f5 Nf8 14. Qh5+
Kg8 15. f6 gxf6 16. Bxh6 Qe8 17. Qh4 Ng6 18. Qh5 Bf8 19. Rxf6 Rxh6 20. Qg4 Kg7
21. Rxe6 Qf7 22. Nd2 Re8 23. Rae1 Rxe6 24. Rxe6 Be7 25. Nf3 Bf6 26. Rd6 Nb8 27.
h4 Bxh4 28. Nxh4 Rxh4 29. Rxg6+ Qxg6 30. Qxh4 Qb1+ 31. Kh2 Qh7 32. Qxh7+ Kxh7
33. Kg3 Kg6 34. Kf4 Nc6 35. a4 Kf6 36. g4 Ke6 37. g5 a6 38. b3 b5 39. axb5 axb5
40. g6 Kf6 41. c4 bxc4 42. bxc4 dxc4 43. d5 Ne7 44. d6 Nxg6+ 0-1

[Event "Plzen, FSB A"]
[Site "?"]
[Date "2003.??.??"]
[Round "3.35"]
[White "Galicek, S."]
[Black "Fales, A."]
[Result "1/2-1/2"]
[WhiteElo "2155"]
[BlackElo "1937"]
[PlyCount "109"]
[EventDate "2003.??.??"]
[Source "ChessBase"]
[SourceDate "1996.11.15"]

1. d4 d5 2. c4 c6 3. Nf3 Nf6 4. Nc3 e6 5. e3 Bd6 6. Bd3 dxc4 7. Bxc4 b5 8. Bd3
a6 9. e4 Bb4 10. Bg5 h6 11. Be3 Bb7 12. O-O O-O 13. Bc2 c5 14. e5 cxd4 15. Nxd4
Bxc3 16. exf6 Bxd4 17. Bxd4 Qd5 18. Qg4 Qg5 19. Qh3 Rc8 20. Rac1 Rc4 21. f4
Qxg2+ 22. Qxg2 Bxg2 23. Kxg2 Rxd4 24. f5 Nd7 25. fxg7 Kxg7 26. fxe6 fxe6 27.
Bb3 Rd2+ 28. Kh1 Rf8 29. Bxe6 Rxf1+ 30. Rxf1 Nc5 31. Bf5 Rxb2 32. Rc1 Na4 33.
Be6 Re2 34. Bb3 Nb2 35. Rc7+ Kf6 36. Rc6+ Kg5 37. Rxa6 Nd3 38. Ra8 Kh4 39. Rf8
Nc1 40. Rf4+ Kg5 41. Rb4 Nxa2 42. Rxb5+ Kf4 43. Rh5 Rb2 44. Bc4 Rb1+ 45. Kg2
Rb2+ 46. Kh3 Rc2 47. Rxh6 Kg5 48. Rc6 Rc3+ 49. Kg2 Rc2+ 50. Kg3 Rc3+ 51. Kf2
Rc2+ 52. Ke3 Rxh2 53. Bd3 Rh3+ 54. Kd4 Rxd3+ 55. Kxd3 1/2-1/2

[Event "Plzen, FSB A"]
[Site "?"]
[Date "2003.??.??"]
[Round "3.36"]
[White "Beran, B."]
[Black "Havlik jr., J."]
[Result "1/2-1/2"]
[WhiteElo "1935"]
[BlackElo "2151"]
[PlyCount "35"]
[EventDate "2003.??.??"]
[Source "ChessBase"]
[SourceDate "1996.11.15"]

1. c4 g6 2. Nc3 Bg7 3. g3 f5 4. Bg2 e5 5. e4 d6 6. Nge2 Nf6 7. d4 Nc6 8. d5 Ne7
9. O-O O-O 10. f4 exf4 11. Nxf4 fxe4 12. Nxe4 Nxe4 13. Bxe4 Nf5 14. Bg2 Bd7 15.
Rb1 a5 16. Re1 Re8 17. Bd2 b6 18. Qf3 1/2-1/2

[Event "Plzen, FSB A"]
[Site "?"]
[Date "2003.??.??"]
[Round "3.37"]
[White "Hlavac, R."]
[Black "Pravdik, K."]
[Result "1-0"]
[WhiteElo "2150"]
[BlackElo "1893"]
[PlyCount "150"]
[EventDate "2003.??.??"]
[Source "ChessBase"]
[SourceDate "1996.11.15"]

1. e4 c5 2. Nf3 e6 3. d4 cxd4 4. Nxd4 Nf6 5. Bd3 d6 6. O-O Be7 7. c4 O-O 8. Nc3
Nc6 9. Nxc6 bxc6 10. Qe2 e5 11. Kh1 Nd7 12. f4 exf4 13. Bxf4 Ne5 14. h3 Bf6 15.
Rad1 Be6 16. Na4 Qe7 17. b3 Rfd8 18. Qe3 Ng6 19. Bg3 Be5 20. Be2 Bxg3 21. Qxg3
d5 22. exd5 cxd5 23. Bf3 dxc4 24. Bxa8 Rxa8 25. Nb2 cxb3 26. axb3 Qa3 27. Nc4
Qb4 28. Rd4 h6 29. Rfd1 Qb7 30. Na5 Qb5 31. b4 Rc8 32. Rd8+ Rxd8 33. Rxd8+ Kh7
34. Rd4 Qf1+ 35. Kh2 Qa1 36. Qd3 Qc1 37. Nb7 Qg5 38. Qe4 Bf5 39. Qf3 Be6 40.
Qg3 Qf6 41. Qe3 Qf1 42. Nd6 a6 43. Qe4 Qc1 44. Nc4 Qg5 45. Ne3 h5 46. Kh1 Qg3
47. Nf1 Qg5 48. Rd6 h4 49. Rd1 a5 50. bxa5 Qxa5 51. Nh2 Bf5 52. Qd5 Qa4 53. Rf1
Be6 54. Qh5+ Kg8 55. Nf3 Qc4 56. Ra1 Qc6 57. Rd1 Qc7 58. Nxh4 Nf4 59. Qg5 f6
60. Qg3 g5 61. Ng6 Qc2 62. Rd8+ Kg7 63. Nxf4 Qc1+ 64. Kh2 Qxf4 65. Qxf4 gxf4
66. Rd4 f3 67. g4 Kg6 68. Kg3 f2 69. Kxf2 Kg5 70. Kg3 Bc8 71. h4+ Kg6 72. Rd6
Kf7 73. Rc6 Be6 74. Rc7+ Kg6 75. Kf4 Kh6 1-0

[Event "Plzen, FSB A"]
[Site "?"]
[Date "2003.??.??"]
[Round "3.38"]
[White "Barbet, L."]
[Black "Vrchotka, J."]
[Result "1-0"]
[WhiteElo "1900"]
[BlackElo "2140"]
[PlyCount "27"]
[EventDate "2003.??.??"]
[Source "ChessBase"]
[SourceDate "1996.11.15"]

1. e4 e5 2. Nf3 Nf6 3. Nxe5 d6 4. Nf3 Nxe4 5. Qe2 Qe7 6. d3 Nf6 7. Bg5 Nbd7 8.
Nc3 c6 9. Ne4 Qe6 10. Nd4 Qe5 11. f4 Qxd4 12. c3 Qb6 13. Nxf6+ Kd8 14. Nd5+ 1-0

[Event "Plzen, FSB A"]
[Site "?"]
[Date "2003.??.??"]
[Round "3.39"]
[White "Horak, J."]
[Black "Vlcek, J."]
[Result "0-1"]
[WhiteElo "2138"]
[BlackElo "1840"]
[PlyCount "100"]
[EventDate "2003.??.??"]
[Source "ChessBase"]
[SourceDate "1996.11.15"]

1. e4 c5 2. Nf3 d6 3. d4 cxd4 4. Nxd4 Nf6 5. Nc3 a6 6. Be2 e6 7. O-O Be7 8. a4
e5 9. Nb3 O-O 10. Bg5 Be6 11. Qd2 Nc6 12. Bxf6 Bxf6 13. Nd5 Bg5 14. Qd1 f5 15.
exf5 Bxf5 16. c3 Kh8 17. Nd2 e4 18. Nc4 Ne5 19. Nxe5 dxe5 20. c4 Qd6 21. Qb3
Qh6 22. Rad1 Bf4 23. g3 Bh3 24. Qc3 Bxf1 25. Bxf1 e3 26. fxe3 Bg5 27. Bg2 Rac8
28. h4 Bf6 29. e4 b5 30. axb5 axb5 31. c5 Bd8 32. Bh3 Rc6 33. Bf5 Qh5 34. Rd3
Qe2 35. Re3 Qd1+ 36. Re1 Qd4+ 37. Qxd4 exd4 38. b4 g6 39. Bd7 Ra6 40. Bxb5 Ra2
41. Be2 Rf7 42. e5 Rf5 43. Bd3 Rf3 44. Nf4 Rxg3+ 45. Kh1 Bxh4 46. c6 Bd8 47. e6
Re3 48. Rd1 Bc7 49. e7 Bxf4 50. Bf1 Rxe7 0-1

[Event "Plzen, FSB A"]
[Site "?"]
[Date "2003.??.??"]
[Round "3.40"]
[White "Traczewski, W."]
[Black "Tuma, J."]
[Result "0-1"]
[WhiteElo "1800"]
[BlackElo "2138"]
[PlyCount "100"]
[EventDate "2003.??.??"]
[Source "ChessBase"]
[SourceDate "1996.11.15"]

1. e4 e5 2. Nf3 Nc6 3. Bb5 a6 4. Ba4 Nf6 5. O-O b5 6. Bb3 Be7 7. Re1 d6 8. c3
O-O 9. h3 Na5 10. Bc2 c5 11. d4 Qc7 12. Nbd2 Nc6 13. d5 Nd8 14. Nf1 Ne8 15. Ng3
g6 16. Bh6 Ng7 17. Ng5 f6 18. Nf3 Nf7 19. Bxg7 Kxg7 20. Qe2 Bd7 21. Rad1 Rg8
22. a3 Kh8 23. Bb1 Bf8 24. Nh2 Bg7 25. Nf3 a5 26. Rd2 Rgb8 27. b3 Rc8 28. c4
bxc4 29. Qxc4 a4 30. b4 cxb4 31. Qxb4 Rab8 32. Rc2 Rxb4 33. Rxc7 Rxc7 34. axb4
Rc4 35. b5 Bxb5 36. Bd3 Rc5 37. Bxb5 Rxb5 38. Ra1 Rb4 39. Nd2 Bh6 40. Nb1 Rc4
41. Na3 Rc1+ 42. Rxc1 Bxc1 43. Nc2 Nd8 44. Nb4 a3 45. Kf1 Nb7 46. Ke1 Nc5 47.
Na2 Bf4 48. Ne2 Nd3+ 49. Kf1 Bd2 50. Nec3 Bxc3 0-1

[Event "Plzen, FSB A"]
[Site "?"]
[Date "2003.??.??"]
[Round "3.41"]
[White "Vladyka, V."]
[Black "Horak, M."]
[Result "1/2-1/2"]
[WhiteElo "2079"]
[BlackElo "2341"]
[PlyCount "29"]
[EventDate "2003.??.??"]
[Source "ChessBase"]
[SourceDate "1996.11.15"]

1. e4 c5 2. Nf3 g6 3. d4 Bg7 4. dxc5 Qa5+ 5. Bd2 Qxc5 6. Bc3 e5 7. Qd5 Qxd5 8.
exd5 d6 9. Na3 Nh6 10. O-O-O Bg4 11. h3 Bxf3 12. gxf3 Na6 13. Bxa6 bxa6 14. Nc4
Kd7 15. Bb4 1/2-1/2

[Event "Plzen, FSB A"]
[Site "?"]
[Date "2003.??.??"]
[Round "3.42"]
[White "Freisler, P."]
[Black "Vinklarek, O."]
[Result "1-0"]
[WhiteElo "2329"]
[BlackElo "2061"]
[PlyCount "57"]
[EventDate "2003.??.??"]
[Source "ChessBase"]
[SourceDate "1996.11.15"]

1. Nf3 Nf6 2. c4 g6 3. Nc3 Bg7 4. g3 O-O 5. Bg2 d6 6. d4 Nbd7 7. O-O e5 8. e4
Ne8 9. Re1 c6 10. Be3 h6 11. Qd2 Kh7 12. Rad1 f5 13. exf5 gxf5 14. dxe5 dxe5
15. Bc5 Rg8 16. Nxe5 Bxe5 17. Rxe5 Qf6 18. Re7+ Ng7 19. Rxd7 Bxd7 20. Qxd7 Rad8
21. Be7 Rxd7 22. Bxf6 Rxd1+ 23. Nxd1 Ne6 24. Ne3 Kg6 25. Be5 Ng5 26. f4 Ne6 27.
g4 Nc5 28. Nxf5 Rd8 29. Nd6 1-0

[Event "Plzen, FSB A"]
[Site "?"]
[Date "2003.??.??"]
[Round "3.43"]
[White "Hodova, L."]
[Black "Podbrdsky, P."]
[Result "1/2-1/2"]
[WhiteElo "2059"]
[BlackElo "2142"]
[PlyCount "108"]
[EventDate "2003.??.??"]
[Source "ChessBase"]
[SourceDate "1996.11.15"]

1. e4 e5 2. Nf3 Nc6 3. Bb5 a6 4. Ba4 Nf6 5. O-O Nxe4 6. d4 b5 7. Bb3 d5 8. dxe5
Be6 9. Qe2 Be7 10. Rd1 Na5 11. c3 Nxb3 12. axb3 O-O 13. Nd4 Qd7 14. f3 Nc5 15.
Nd2 f6 16. b4 Nb7 17. exf6 Rxf6 18. Nxb5 Rg6 19. Kh1 Nd6 20. Nd4 Nf5 21. N2b3
Bd6 22. Nxf5 Bxf5 23. Nd4 Re8 24. Qf2 h5 25. Bd2 Bd3 26. Re1 Be5 27. Qh4 Bxd4
28. Qxd4 Bc4 29. Qh4 Rge6 30. Qxh5 Re2 31. Rxe2 Rxe2 32. Qg5 Qe8 33. h4 c6 34.
Bf4 Qe7 35. Qxe7 Rxe7 36. Kh2 Re2 37. Bd6 Rxb2 38. Re1 Rc2 39. Be5 Kf7 40. Bd4
Ra2 41. Re5 Be2 42. Kh3 g6 43. Kg4 Bd3 44. g3 Rg2 45. Kf4 Rh2 46. Bc5 Rh3 47.
Kg4 Rh1 48. Kg5 Rh3 49. Re7+ Kg8 50. Bd6 Bf5 51. Kf6 Rh1 52. Bf4 Rf1 53. Re3
Bc2 54. Bh6 Be4 1/2-1/2

[Event "Plzen, FSB A"]
[Site "?"]
[Date "2003.??.??"]
[Round "3.45"]
[White "Hajek, J."]
[Black "Novy, V."]
[Result "1/2-1/2"]
[WhiteElo "2029"]
[BlackElo "2107"]
[PlyCount "43"]
[EventDate "2003.??.??"]
[Source "ChessBase"]
[SourceDate "1996.11.15"]

1. e4 c5 2. Nf3 d6 3. d4 cxd4 4. Qxd4 Bd7 5. c4 Nc6 6. Qd2 Nf6 7. Nc3 g6 8. b3
Bg7 9. Bb2 O-O 10. Be2 a5 11. O-O a4 12. Rab1 axb3 13. axb3 Nb4 14. Nd5 Nbxd5
15. exd5 b5 16. Rfe1 bxc4 17. Bxc4 Bf5 18. Ra1 Rxa1 19. Bxa1 Ne4 20. Qe3 Bxa1
21. Rxa1 Nc5 22. Nd4 1/2-1/2